Urban land the key to sustainable strategy (Record no. 67421)

MARC details
000 -LEADER
fixed length control field 01085cam a2200241 4500
001 - CONTROL NUMBER
control field ABS64179
008 - FIXED-LENGTH DATA ELEMENTS--GENERAL INFORMATION
fixed length control field 000000n2001 000 0 eng u
035 ## - SYSTEM CONTROL NUMBER
System control number (Sirsi) u113211
100 ## - MAIN ENTRY--PERSONAL NAME
Personal name Hodges, B.
245 ## - TITLE STATEMENT
Title Urban land the key to sustainable strategy
260 ## - PUBLICATION, DISTRIBUTION, ETC.
Date of publication, distribution, etc. 2001
490 ## - SERIES STATEMENT
Series statement Planning (for the Natural and Built Environment)
Volume/sequential designation (1421) 1 June 2001, 22(1)
520 ## - SUMMARY, ETC.
Summary, etc. Reports on the weight being given by planning inspectors in planning appeals to the requirement, set out in PPG3, for local authorities to publish urban capacity studies before granting consent to develop greenfield sites for housing. This could result in additional pressure on the housing market, including a shortfall in affordable housing, as 50% of local authorities have yet to complete their studies.
590 ## - LOCAL NOTE (RLIN)
Local note ABS
650 ## - SUBJECT ADDED ENTRY--TOPICAL TERM
Topical term or geographic name entry element GREENFIELD SITES
650 ## - SUBJECT ADDED ENTRY--TOPICAL TERM
Topical term or geographic name entry element HOUSING
650 ## - SUBJECT ADDED ENTRY--TOPICAL TERM
Topical term or geographic name entry element HOUSING DEVELOPMENTS
650 ## - SUBJECT ADDED ENTRY--TOPICAL TERM
Topical term or geographic name entry element PLANNING APPEALS
650 ## - SUBJECT ADDED ENTRY--TOPICAL TERM
Topical term or geographic name entry element PPG3
650 ## - SUBJECT ADDED ENTRY--TOPICAL TERM
Topical term or geographic name entry element URBAN CAPACITY STUDIES
690 ## - LOCAL SUBJECT ADDED ENTRY--TOPICAL TERM (OCLC, RLIN)
Topical term or geographic name as entry element ENVIRONMENTAL AND LAND CONSULTANCY-PLANNING AND DEVELOPMENT
942 ## - ADDED ENTRY ELEMENTS (KOHA)
Suppress in OPAC 0
Holdings
Withdrawn status Lost status Source of classification or shelving scheme Damaged status Not for loan Home library Current library Shelving location Date acquired Total Checkouts Full call number Barcode Date last seen Copy number Price effective from Koha item type
    Dewey Decimal Classification     London London Journal article 21/06/2001   ABS64179 113211-1001 06/08/2019 1 06/08/2019 Journal article